000 01193nam a2200313 i 4500
001 bg
003 BPK
005 20200120141642.0
008 000616s1979 pl a |001 0 pol
015 _aPB 1979/3238
020 _a8320400120
040 _aWA N
_cBPK
041 1 _apol
_hger
080 _a519.8
080 _a62
100 1 _aPeschel, Manfred.
245 1 0 _aPolioptymalizacja :
_bmetody podejmowania decyzji kompromisowych w zagadnieniach inżynieryjno-technicznych /
_cM. Peschel, C. Riedel ; z niem. tł. Janusz Kacprzyk.
246 1 _iTyt. oryg.:
_aPolyoptimierung :
_beine Entscheidungshilfe für ingenieurtechnische Kompromisslösungen,
_f1976.
260 _aWarszawa :
_bWydawnictwa Naukowo-Techniczne,
_c1979.
300 _a143, [1] s. :
_bil. ;
_c24 cm.
504 _aBibliogr. - Indeks.
650 4 _aDecyzje
_xmatematyka.
650 4 _aProjektowanie
700 1 _aRiedel, Claus.
710 2 _aWydawnictwa Naukowo-Techniczne
_4pbl.
700 1 _aKacprzyk, Janusz
_d(1947- )
_eTłumaczenie
856 _uhttp://koha.tu.koszalin.pl/cgi-bin/koha/opac-detail.pl?biblionumber=19552
_yKatalog online BPK
942 _2UKD
_cKS
999 _c19552
_d19552